=LDR 00000nam 2200000 4500 =001 000901 =005 20250712121437 =035 ##$$a 0010-0725000779 =007 ta =008 250712################a##########0#ind## =020 ##$$a 978-623-307-440-7 =082 ##$$a 398.209 598 =084 ##$$a 398.209 598 PUR b =100 #$$a Purandare, Madhuri =245 1#$$a Bayi Bibi Asih /$c Madhuri Purandare =250 ##$$a Cetakan Pertama =260 ##$$a Jakarta :$b Badan Pengembangan dan Pembinaan Bahasa,$c 2024 =300 ##$$a 16 hlm. : $b ilus. ; $c 29 cm =650 #4$$a Cerita Anak Indonesia-Terjemahan =650 #4$$a Literasi-Bahan Bacaan =856 ##$$a TBM As Suhada =990 ##$$a TBM202400694